000 00313nam a22001337a 4500
008 170602b xxu||||| |||| 00| 0 eng d
020 _a9780195099027
041 _aeng
080 _a94(100)
100 _a18
101 _aSHH
245 _aWORLD ECONOMIC PRIMACY 1500-1990
_cKINDLEBERGER,CH.P
942 _2udc
_cBK
999 _c15833
_d15833